Länder, die von den Toten Hosen besucht wurden - Statistiken

Allgemein
  • Dieses Quiz wurde 87 mal gespielt
  • Das Durchschnittsergebnis liegt bei 21 aus 22
Antworten auf der Karte
Die Antworten werden auf der Karte rot bzw. grün angezeigt, abhängig davon wie oft sie richtig erraten wurden.
 
Antwortstatistiken
Kontinent Land % Korrekt
Europa Deutschland
100%
Europa Frankreich
99%
Europa Österreich
99%
Europa Polen
99%
Nordamerika Vereinigte Staaten
99%
Europa Belgien
98%
Europa Dänemark
98%
Europa Niederlande
98%
Europa Schweiz
98%
Europa Vereinigtes Königreich
96%
Ozeanien Australien
95%
Europa Tschechien
95%
Nordamerika Kanada
94%
Europa Spanien
94%
Nordamerika Mexiko
93%
Südamerika Argentinien
91%
Europa Schweden
91%
Ozeanien Neuseeland
89%
Europa Luxemburg
88%
Europa Ungarn
86%
Europa Kroatien
79%
Europa Rumänien
76%
Keine übereinstimmenden Quizze gefunden
Verteilung der Resultate
Anzahl Personen mit jedem Resultat
Perzentil nach korrekt beantworteten Fragen
Ihre Resultats-Entwicklung
Sie haben dieses Quiz noch nicht gespielt